| 000 | 00366nam a2200157Ia 4500 | ||
|---|---|---|---|
| 008 | 230917s9999||||xx |||||||||||||| ||und|| | ||
| 020 | _cPOU12 | ||
| 040 |
_e4209 _aMAIN |
||
| 041 | _aEnglish | ||
| 082 | _a329.973 W22L | ||
| 100 | _aWare, Alan | ||
| 245 | 0 | _aLogic of party democracy | |
| 260 |
_aLondon _bMacmillan _c1979 |
||
| 300 | _axi, 209 p. | ||
| 942 | _cBK | ||
| 999 |
_c200508 _d200508 |
||